|
|
|
|
| LEADER |
00940nam a2200205 a 4500 |
| 008 |
091105s2004 ii a b 001 0 eng d |
| 020 |
|
|
|a 8121903742
|
| 082 |
0 |
0 |
|a 338.5
|2 21
|
| 100 |
1 |
|
|a Ahuja, H.L.
|
| 245 |
1 |
0 |
|a Modern Microeconomics :
|b theory and applications \
|c H.L.Ahuja.
|
| 250 |
|
|
|a thoroughly rev. twelfth ed.
|
| 260 |
|
|
|a New Delhi :
|b S.chand & company ltd.,
|c c2004.
|
| 300 |
|
|
|a xv,832 p. :
|b ill. ;
|c 25 cm.
|
| 504 |
|
|
|a Includes bibliographical references.
|
| 541 |
1 |
|
|e 00013082
|
| 650 |
|
0 |
|a Microeconomics.
|
| 852 |
4 |
|
|a Ayesha Abed Library
|j General Shelf
|
| 999 |
|
|
|c 5717
|d 5717
|
| 952 |
|
|
|0 0
|1 0
|2 ddc
|4 0
|6 338_500000000000000_AHU
|7 0
|9 5651
|a BRACUL
|b BRACUL
|c GEN
|d 2009-11-21
|g 300.00
|l 7
|m 7
|o 338.5 AHU
|p 3010013082
|r 2025-03-24
|s 2025-03-11
|t 1
|v 600.00
|w 2009-11-21
|y BK
|
| 952 |
|
|
|0 0
|1 0
|2 ddc
|4 0
|6 338_500000000000000_AHU
|7 0
|9 7800
|a BRACUL
|b BRACUL
|c GEN
|d 2010-02-04
|g 300.00
|l 3
|m 13
|o 338.5 AHU
|p 3010013083
|r 2019-04-10
|s 2019-03-11
|t 2
|w 2010-02-04
|y BK
|